000
00325nam a2200109Ia 4500
008
200302s9999 xx 000 0 und d
100
_a
Scott Robertson and Others
245
_a
How to draw drawing and sketching objects and environments from your imagination
260
_b
Design studio / Press
260
_c
2013
300
_a
208
999
_c
7300
_d
7300